Photo Quiz: Musicians Named John #2 - Statistics

General Stats
  • This quiz has been taken 86 times
    62 since last reset
  • The average score is 6 of 20
Answer Stats
Picture Hint Answer % Correct
USA Country Johnny Cash
80%
USA Film Score Composer (born 1932) John Williams
73%
US Blues Rock 90's/00's Jack White (John White)
66%
USA Punk 70's Johnny Ramone
63%
UK Rock 70's John Bonham
52%
Austria "The Waltz King" Johann Strauss II
43%
USA Jazz 1940's-60's John Coltrane
39%
USA 60's/70's John Fogerty
32%
UK Indie 80's Johnny Marr
30%
UK 60's/70's John Entwistle
29%
UK 70's Rock John Paul Jones
29%
US Crooner 50's/60's/70's Johnny Mathis
27%
USA Avant-Garde Composer (1912-1992) John Cage
16%
UK Rhythm & Blues 1970's (Please give stage name) Wilko Johnson (John Peter Wilkinson)
16%
USA 1950's Ballad Singer Johnnie Ray
9%
UK Indie/Punk 80's/90's John Robb
5%
UK 70's Onwards John Otway
4%
USA Indie Solo Artist 2010's/20's John Grant
2%
USA 70's/Punk Johnny Thunders
2%
USA Funk/Blues 60's/70's Johnny 'Guitar' Watson
0%
No matching quizzes found
Score Distribution
Percent of People with Each Score
Percentile by Number Answered
Your Score History
You have not taken this quiz since the last reset